Propuesta de una metodología de diseño de placas de unión en marcos de acero arriostrado para el Código Sísmico de Costa Rica, versión 2002
Salvato in:
| Autore principale: | |
|---|---|
| Natura: | Libro |
| Pubblicazione: |
[San José], Costa Rica
2010
|
| Soggetti: | |
| Tags: |
Aggiungi Tag
Nessun Tag, puoi essere il primo ad aggiungerne!!
|
MARC
| LEADER | 00000nam a2200000Ia 4500 | ||
|---|---|---|---|
| 003 | 010029 | ||
| 005 | 20221231144035.0 | ||
| 008 | 140114s2010 cr a 000 ||s d | ||
| 040 | |c cru CEDI | ||
| 090 | |a TFG 6200 | ||
| 100 | |a Dehais Córdova, Alvaro |9 2958 | ||
| 245 | |a Propuesta de una metodología de diseño de placas de unión en marcos de acero arriostrado para el Código Sísmico de Costa Rica, versión 2002 | ||
| 260 | |c 2010 |b [San José], Costa Rica | ||
| 500 | |a Proyecto de graduación (licenciatura en ingeniería civil)--Universidad de Costa Rica. Facultad de Ingeniería. Escuela de Ingeniería Civil | ||
| 650 | |x PLACAS (INGENIERIA) |x DISEÑO |x MARCOS ARRIOSTRADOS |x CODIGO SISMICO |x COSTA RICA |x DUCTILIDAD |x ANALISIS ESTRUCTURAL (INGENIERIA) |9 2959 | ||
| 942 | |c TFG | ||
| 999 | |c 16003 |d 16003 | ||
